Подробности
| 000 -МАРКЕР |
| контрольное поле |
02365nam2a22002411 4500 |
| 001 - ИДЕНТИФИКАТОР ЗАПИСИ |
| контрольное поле |
rc\1093508 |
| 005 - ИДЕНТИФИКАТОР ВЕРСИИ |
| контрольное поле |
20250622191901.0 |
| 035 ## - ДРУГИЕ СИСТЕМНЫЕ НОМЕРА |
| Идентификатор записи |
(NLR Aleph) 006377002 |
| 100 ## - ДАННЫЕ ОБЩЕЙ ОБРАБОТКИ |
| Данные общей обработки |
20041126d1984 |||y0rusy50 ca |
| 101 0# - ЯЗЫК РЕСУРСА |
| Язык текста, звукозаписи и т.д. |
русский |
| 102 ## - СТРАНА ПУБЛИКАЦИИ ИЛИ ПРОИЗВОДСТВА |
| Страна публикации |
Российская Федерация |
| 105 ## - ПОЛЕ КОДИРОВАННЫХ ДАННЫХ: ТЕКСТОВЫЕ МАТЕРИАЛЫ, МОНОГРАФИЧЕСКИЕ |
| Кодированные данные о монографическом текстовом документе |
y ||||||||| |
| 200 0# - ЗАГЛАВИЕ И СВЕДЕНИЯ ОБ ОТВЕТСТВЕННОСТИ |
| Основное заглавие |
... № 1 |
| 210 ## - ПУБЛИКАЦИЯ, РАСПРОСТРАНЕНИЕ И ДР. |
| Дата издания, распространения и т.д. |
1984 |
| Место издания, распространения и т.д. |
Б. м. |
| 215 ## - ФИЗИЧЕСКАЯ ХАРАКТЕРИСТИКА |
| Специфическое обозначение материала и объем |
47 с. |
| 333 ## - ПРИМЕЧАНИЯ ОБ ОСОБЕННОСТЯХ РАСПРОСТРАНЕНИЯ И ИСПОЛЬЗОВАНИЯ |
| Текст примечания |
ДСП. Экз. № 000006 |
| 461 #0 - УРОВЕНЬ НАБОРА |
| Встроенное поле |
001rc\1093507 |
| -- |
2001#$a[Провода неизолированные, проволока, шины, коллекторная медь (катанка, профили токопроводящие жилы)$eКабели и провода управления, контроля, сигнализации. Кабели и провода термоэлектродные: НКЭ 19.3.01-81$eКабели, провода и шнуры связи, радиочастотные, коаксиальные, телевизионные, волноводы: НКЭ 19.4.01-81$eКабели, провода и шнуры различного назначения: НКЭ 19.7.01-81$eНоменклатур. каталог]$eДополнения...$fМ-во электротехн. пром-сти, ВНИИ информ. и техн.-экон. исслед. в электротехнике$v... № 1 |
| Системный номер (АБИС) связанной записи |
9564089 |
| Место публикации |
М. |
| Дата публикации |
1984 |
| Первые сведения об ответственности |
М-во электротехн. пром-сти, ВНИИ информ. и техн.-экон. исслед. в электротехнике |
| Имя издателя, распространителя и т.д. |
Информэлектро |
| Сведения, относящиеся к заглавию |
Кабели и провода управления, контроля, сигнализации. Кабели и провода термоэлектродные: НКЭ 19.3.01-81 : Кабели, провода и шнуры связи, радиочастотные, коаксиальные, телевизионные, волноводы: НКЭ 19.4.01-81 : Кабели, провода и шнуры различного назначения: НКЭ 19.7.01-81 : Номенклатур. каталог] : Дополнения... |
| Заглавие |
[Провода неизолированные, проволока, шины, коллекторная медь (катанка, профили токопроводящие жилы) |
| Номер тома |
... № 1 |
| 801 #0 - ИСТОЧНИК ЗАПИСИ |
| Страна |
Российская Федерация |
| Организация |
NLR |
| Правила каталогизации |
psbo |
| 801 #1 - ИСТОЧНИК ЗАПИСИ |
| Страна |
Российская Федерация |
| Организация |
ELAR |
| Источник данных |
rusmarc |
| 852 ## - МЕСТОНАХОЖДЕНИЕ И ШИФР ХРАНЕНИЯ |
| Идентификатор организации |
NLR |
| Шифр хранения (Call Number) |
84-50К/8828 |
| 942 ## - ДОПОЛНИТЕЛЬНЫЕ ЭЛЕМЕНТЫ ЗАПИСИ (АБИС) |
| Тип экземпляра АБИС |
Книга |
| 980 ## - КОЛЛЕКЦИЯ |
| Название коллекции |
Национальная библиография |